| 000 | 00607nam a2200241Ia 4500 | ||
|---|---|---|---|
| 008 | 220216s9999 xx 000 0 und d | ||
| 100 | _aKahle S | ||
| 245 | 0 | _aCombination of NMR relaxometry and mechanical testing during vulcanization | |
| 260 |
_bKautschuk Gummi Kunststoffe _c2008 |
||
| 300 | _a92-94 | ||
| 650 | _aCross-linking | ||
| 650 | _aCuring | ||
| 650 | _aMolecular mobility | ||
| 650 | _aNMR | ||
| 650 | _aPermanent magnets | ||
| 650 | _aRheology | ||
| 700 | _aBlumler P | ||
| 700 | _aHehn M | ||
| 700 | _aNussbaum W | ||
| 700 | _aRaich H P | ||
| 700 | _aWilhelm | ||
| 942 | _cJS | ||
| 999 |
_c55860 _d55860 |
||